Logo BPK

Biblioteka

Politechniki Koszalińskiej

Niemiecka myśl polityczna wieku oświecenia / (Rekord nr 35341)

Szczegóły MARC
000 -ETYKIETA REKORDU
podpole kontrolne o stałej długości 00605nam a2200205 i 4500
001 - NUMER KONTROLNY REKORDU
pole kontrolne bg
020 ## - MIĘDZYNARODOWY ZNORMALIZOWANY NUMER KSIĄŻKI - ISBN
ISBN 8321008003
040 ## - ŹRÓDŁO KATALOGOWANIA
Instytucja, która utworzyła rekord BPK
041 ## - KOD JĘZYKA
Kod języka tekstu pl
080 ## - UNIWERSALNA KLASYFIKACJA DZIESIĘTNA - UKD
UKD 32(430.1)"18/19"
920 ## - Międzynarodowy znormalizowany numer książki – ISBN
ISBN 83-210-0800-3
008 - POLE O STAŁEJ DŁUGOŚCI - DANE KONTROLNE
podpole kontrolne o stałej długości s pl f |000 0 pol
100 1# - NAZWA OSOBOWA
Nazwa osobowa WOLF-POWĘSKA, Anna
245 #0 - TYTUŁ/ODPOWIEDZIALNOŚĆ
Tytuł Niemiecka myśl polityczna wieku oświecenia /
Pozostałe elementy strefy tytułu i oznaczenia odpowiedzialności Anna Wolf- Powęska.
260 ## - STREFA ADRESU WYDAWNICZEGO
Miejsce wydania Poznań :
Nazwa wydawcy/dystrybutora Wydaw. Poznańskie,
Data publikacji, dystrybucji/powstania dokumentu 1988.
300 ## - STREFA OPISU FIZYCZNEGO
Objętość 393,[1] s. :
Inne cechy fizyczne il. ;
Rozmiary 20 cm.
504 ## - UWAGA DOTYCZĄCA BIBLIOGRAFII
Informacje o bibliografii Podstawowa literatura źródłowa s. 369-378.
650 #9 - HASŁO PRZEDMIOTOWE W FORMIE NAZWY OGÓLNEJ LUB JEDNOSTKOWEJ
Nazwa ogólna lub geograficzna Polityka
Określnik ogólny historia
Określnik geograficzny Niemcy
Określnik chronologiczny 18-19 w.
856 ## - LOKALIZACJA I DOSTĘP DO ELEKTRONICZNYCH DOKUMENTÓW ZDALNYCH
Link (URL) http://koha.tu.koszalin.pl/cgi-bin/koha/opac-detail.pl?biblionumber=35341
Tekst linku Katalog online BPK
942 ## - DODATKOWE ELEMENTY (KOHA)
Typ dokumentu Książka
Egzemplarze
Wycofany Status egzemplarza Uszkodzony Dostępność Lokalizacja stała Lokalizacja bieżąca Miejsce przechowywania Sygnatura Kod kreskowy Dział Typ dokumentu
      W opracowaniu Biblioteka Politechniki Koszalińskiej Biblioteka Politechniki Koszalińskiej Czytelnia Wydziałowa ul. Kwiatkowskiego 6e D 183 02236544 32 Nauki polityczne. Polityka Książka
© 2023 Biblioteka Politechniki Koszalińskiej :: KOHA